Statistics for New Zealand Oscar Winners - Picture Quiz

Click here to take the quiz!

General Stats

  • This quiz has been taken 24 times
  • The average score is 4 of 9

Answer Stats

Answer% Correct
Peter Jackson
96%
Russell Crowe
88%
Taika Waititi
71%
Anna Paquin
54%
Jane Campion
42%
Bret McKenzie
29%
Richard Taylor
21%
Fran Walsh
17%
Philippa Boyens
17%

Score Distribution

Percentile by Number Answered

Percent of People with Each Score

Your Score History

You have not taken this quiz